| 000 | 00842nam a22002897a 4500 | ||
|---|---|---|---|
| 003 | CHAP | ||
| 005 | 20220329140825.0 | ||
| 008 | 971013s r 00010 d | ||
| 010 | _a58172 | ||
| 011 | _a59144 | ||
| 035 | _a63301 | ||
| 040 | _cCHAP | ||
| 090 | _aR-1856 | ||
| 100 | 0 | 0 |
_aSmith, R. S. _9107108 |
| 245 | _aUse of lightwright sawmill residue in highway embankments | ||
| 500 | _aSobretiro de : RTAC FORUM. 3 (1) : 84-89 | ||
| 590 |
_aBATCH-UPD _b10 _c20130110 _lUCH01 _h0535 |
||
| 590 |
_aBATCH-UPD _b10 _c20130410 _lUCH01 _h0215 |
||
| 590 |
_aBATCH-UPD _b10 _c20130914 _lUCH01 _h0423 |
||
| 590 |
_aCONVERSION _b10 _c20130109 _lUCH01 _h1331 |
||
| 650 | 1 | 4 |
_aAserrĂn. _97893 |
| 650 | 1 | 4 |
_aCaminos. _917855 |
| 700 | 0 |
_aCoulter, T. S. _928626 |
|
| 901 | _aBK | ||
| 942 | _cREIMP | ||
| 949 |
_aR-1856 _bBC _cR _d-135960 _eTS1 _i63301 _si |
||
| 999 |
_c58172 _d58172 |
||